000 00804nam a2200181Ia 4500
008 0000002002 us a 0000000000eng00
090 _aPPR00 T72c
100 1 _aTrelles, Miguel
245 1 0 _aChino latino
_b: xiao Zhong xian Da
_c/ Miguel Trelles ; ensayos John Finlay, Margarita Aguilar ; fotografías Alfonso Paredes ; traducción Carlos Dorta
300 _a38 p.
_c/ 22 cm.
500 _aCon el patronazgo del maestro venezolano Jesús Rafael Soto (q.e.p.d.)
600 0 0 _a TRELLES, MIGUEL/
_xTRABAJOS PICTORICOS
650 1 4 _a PINTURA PUERTORRIQUEÑA
650 1 4 _aPINTORES PUERTORRIQUEÑOS
650 1 4 _aPINTURA MODERNA PUERTORRIQUEÑA
700 1 _aFinlay, John \ Aguilar, Margarita \ Paredes, Alonso \ Dorta, Carlos, tr.
999 _c297
_d297
260 _aNew York : Taller Boricua Gallery
_c2002